New Girl - are these Winston quotes about/to Aly or Ferguson? - Statistics

General Stats
  • This quiz has been taken 124 times
  • The average score is 8 of 12
Answer Stats
Question Answer % Correct
"If I were off my rocker, would I take a weekly selfie with my ___" Ferguson
100%
"Nick, ___ is in pain. I can feel it" Ferguson
95%
"You know what would be nuts. If I brought ___ as a date" Ferguson
86%
"Hey, do you want to split that pasta from last night?" Ferguson
82%
"Every day with you is so much better" Aly
73%
"I never felt love like this" Aly
68%
"I'm gonna kill you" Ferguson
68%
"I'm about to take ___ to Mount Smushmore" Aly
64%
"Baby, baby, you okay?" Aly
59%
"Nuffin' but wuv for you" Ferguson
59%
"I tell you what ___, we both need to just cool off and have a drink" Ferguson
45%
"Don't nobody want your babies" Aly
23%
No matching quizzes found
Score Distribution
Percent of People with Each Score
Percentile by Number Answered
Your Score History
You have not taken this quiz